A SHORT HISTORY OF PAKISTAN MUSLIM RULE UNDER THE SULTANS (Record no. 585196)

000 -LEADER
fixed length control field 00289nam a22001097a 4500
082 ## - DEWEY DECIMAL CLASSIFICATION NUMBER
Classification number 954.91 KAB'S
100 ## - MAIN ENTRY--PERSONAL NAME
Personal name KABIR, M
9 (RLIN) 80245
245 ## - TITLE STATEMENT
Title A SHORT HISTORY OF PAKISTAN MUSLIM RULE UNDER THE SULTANS
260 ## - PUBLICATION, DISTRIBUTION, ETC.
Place of publication, distribution, etc. KARACHI
Name of publisher, distributor, etc. UNIVERSITY OF KARACHI
Date of publication, distribution, etc. 1967
300 ## - PHYSICAL DESCRIPTION
Extent BOOK TWO
942 ## - ADDED ENTRY ELEMENTS (KOHA)
Koha item type Book
Holdings
Withdrawn status Lost status Damaged status Not for loan Permanent Location Current Location Shelving location Date acquired Total Checkouts Full call number Barcode Date last seen Price effective from Koha item type
        College of Electrical & Mechanical Engineering (CEME) College of Electrical & Mechanical Engineering (CEME) General Stacks 07/06/2017   954.91 KAB'S CEME-5489 06/28/2021 06/28/2021 Book
© 2023 Central Library, National University of Sciences and Technology. All Rights Reserved.